Responses for show #4122 - Tuesday, July 2, 2002

(Sarah: Remember the 2001 World Series? We'll take you back to the bottom of the ninth, next on Jeopardy!)

Jeff Goldfarb sets a new single-day cash winnings record of $39,999.

Contestants

Becky De Jesus, a stay-at-home mom from Hayes, Kansas

Jeff Goldfarb, a recent law school graduate from New York, New York

Judy Anderson, a mortgage banker originally from Savannah, Georgia (whose 1-day cash winnings total $25,201)

Jeopardy! Round responses

THE QUOTABLE BEN FRANKLIN
MAPMAKING
THE 2001 WORLD SERIES
ORCHESTRAS
FROM FRANCE
BIRD VERBS
    $200 1
live to eat

Judy
    $200 20
the blind

Becky
    $200 10
the Marlins

Judy
    $200 18
the New York Philharmonic

Jeff
    $200 11
Brie cheese

Judy
    $200 6
swallow

Becky
    $400 2
(Becky: What are "Tiny strokes"?)

Little strokes

Becky
Triple Stumper
    $400 21
aircraft

Becky
    $400 13
November

Judy
    $400 19
Boston

Becky
    $400 12
the French Revolution

Jeff
    $400 7
grouse

Judy
    $600 3
time

Becky
    $600 22
passes

Jeff
    $600 17
Randy Johnson

Judy
    $600 27
Berlin

Jeff
    $600 14
the Michelin Man

Judy
    $600 8
(Becky: What is, uh...?)

parrot

JeffBecky
    $800 4
a bad peace

Judy
    $800 23
surveyor

Jeff
    $800 25
Joe Torre

Jeff
    $800 28
Vienna

Jeff
    $1,000 15
(Judy: Who is Vincent Hugo?)
(Alex: Oh, oh, oh, you changed his name on us. His name is not Vincent Hugo. You're thinking perhaps of [*], and you threw in Vincent Van Gogh's first name instead.)

Victor Hugo

Judy
    $800 9
(Judy: Um, What is to goad?)

goose

Judy
Triple Stumper
    $1000 5
dead

Judy
    $1000 24
a projection

Jeff
    $1000 26
Luis Gonzalez

Triple Stumper
    $1000 29
Sydney

Becky
    $1000 16
pied à terre

Jeff
    $1000 30
flicker

Jeff

Scores at the first commercial break (after clue 13):

Judy Jeff Becky
$2,400 $1,000 -$200

Scores at the end of the Jeopardy! Round:

Judy Jeff Becky
$2,600 $7,800 $1,800

Double Jeopardy! Round responses

THE SOUTH PACIFIC
A PINT OF ALEC GUINNESS
WELL DOCUMENTED
PARTNERS' LAST NAMES
THEIR FIRST NOVELS
CATCHING SOME "Z"s
    $400 6
English

Jeff
    $400 24
Obi-Wan Kenobi

Becky
    $400 19
Sparta

Jeff
    $400 10
Black & Decker

Judy
    $400 1
John Grisham

Jeff
    $400 14
ZIP code

Jeff
    $800 7
(Paul) Gauguin

Jeff
    $800 25
(Jeff: What is the Globe Theatre?)

Old Vic

JudyJeff
    $800 20
the Federalist Papers

Jeff
    $800 11
Rolls-Royce

Triple Stumper
    $800 2
Mario Puzo

Judy
    $800 15
Zorba the Greek

Becky
    $1200 8
Pitcairn Island

Becky
    $1200 26
Bridge on the River Kwai

Jeff
    $1200 21
Catherine the Great

Jeff
    $1200 12
Fisher-Price

Jeff
    $1200 3
Jules Verne

Jeff
    $1200 16
the Zulus

Judy
    $2,000 9
(Alex: [Upon revealing the Daily Double] Ah, that's a Daily Double, a Celebrity Daily Double, and you have $3,000.)
...
(Becky: Who is...)
(Alex: Say something.)
(Becky: I don't know.)

Herman Melville

Becky
    $4,400 27
Doctor Zhivago

Jeff
    $1600 22
Italy

Becky
    $1600 29
Sherwin-Williams

Judy
    $1600 4
Maggie

Jeff
    $1600 17
Zamfir

Judy
    $2000 13
Tonga

Jeff
    $2000 28
The Lavender Hill Mob

Triple Stumper
    $2000 23
Seward

Jeff
    $2000 30
Rand-McNally

Jeff
    $2000 5
(William S.) Burroughs

Jeff
    $2000 18
the zebu

Triple Stumper

Scores at the end of the Double Jeopardy! Round:

Judy Jeff Becky
$9,000 $29,000 $3,800
(lock game)

[wagering suggestions for these scores]

Final Jeopardy! Round responses

1980s BUSINESS
(Alex: [After revealing Becky's response] Chief Executive Officer at the Disney Company.)
...
(Alex: [After revealing Jeff's response] I hope he wagered a bundle... well, he wagered enough. $10,999. New record, $39,999, for one day, and Jeff Goldfarb has it. Way to go!)
BeckyWho is Michael Eisner?
$3,800
JudyWho is Michael Eisner?
$1,000
JeffWho is Eisner?
$10,999
Michael Eisner

Final scores:

Judy Jeff Becky
$10,000 $39,999 $7,600
2nd place: $2,000 New champion: $39,999 3rd place: $1,000

Game dynamics:

Coryat scores:

Judy Jeff Becky
$10,000 $26,200 $5,800
15 R,
2 W
(including 1 DD)
27 R
(including 1 DD),
1 W
10 R,
3 W
(including 1 DD)

Combined Coryat: $42,000

The J! Archive is created by fans, for fans. The Jeopardy! game show and all elements thereof, including but not limited to copyright and trademark thereto, are the property of Jeopardy Productions, Inc. and are protected under law. This website is not affiliated with, sponsored by, or operated by Jeopardy Productions, Inc. Join the discussion at JBoard.tv.